| 000 | 01052cam a22002654a 4500 | ||
|---|---|---|---|
| 999 |
_c57490 _d57490 |
||
| 001 | 14893824 | ||
| 005 | 20221114121328.0 | ||
| 008 | 070615s2012 paua bf 001 0 eng | ||
| 020 | _a9780781769846x | ||
| 041 | _aeng | ||
| 080 | _a616-053.31 M-24 | ||
| 245 | 0 | 0 |
_aManual of neonatal care / _ceditors, John P. Cloherty, Eric C. Eichenwald, Ann R. Stark. |
| 250 | _aSeventh edition | ||
| 264 |
_aPhiladelphia : _bWolters Kluwer Health/Lippincott Williams & Wilkins, _c2012. |
||
| 300 |
_a1007 p. : _bill. ; _c20 cm. |
||
| 653 | _aახალშობილთა დაავადებები | ||
| 653 | _aახალშობილის მოვლა | ||
| 653 | _aპედიატრია | ||
| 653 | _aნეონატოლოგია | ||
| 700 | 1 |
_aCloherty, John P. _eრედაქტორი _98837 |
|
| 700 | 1 |
_aEichenwald, Eric C. _eრედაქტორი _98838 |
|
| 700 | 1 |
_aStark, Ann R. _eრედაქტორი _98839 |
|
| 700 | 1 |
_aHansen A. R. _eრედაქტორი _98840 |
|
| 942 |
_2udc _cBK |
||